000
00282 a2200121 4500
001
64187
082
_a
909.8321 TAR
090
_c
37932
_d
37932
100
_a
Tariq Ali
245
_a
Clash of Fundamentalisms
_h
English
260
_a
UK
_b
Verso Books
_c
2003
300
_a
xxx, 421P.
942
_a
NUST-CAE
_k
909.8321 TAR
999
_c
299260
_d
299260